00674nam a22001817a 4500999001900000003000500019020001500024038001500039082001100054100003300065245014100098260003700239300003100276650004900307700002700356942001300383952009600396 c526058d526058NUST qHardcover. aMr. Zahoor a624.15 aSami, Muhammad Farjad917018 aComparison of atterberg limits and shear strength values as determined from fall cone and conventional methods /cMuhammad Farjad Sami  aIslamabad :bSCEE - NUST,c2017. axiv, 93 p. : ill, ;c30cm. aGeotechnical Engineering - MS Thesis 916696 aDr. Liaqat Ali 916199 2ddccTHE 00102ddc4070aCLbCLcTHEd2019-07-08l0o624.15pCL-T-2022r2019-07-11w2019-07-08yTHE